000 00806nam a2200253 i 4500
001 bg
003 BPK
005 20200317081426.0
008 950808s1978 pl f f |000 0 pol
040 _cBPK
041 _apol
080 _a744:621
080 _a(075.8)
100 1 _aDobrzański, Tadeusz
_eAutor
245 1 0 _aRysunek techniczny maszynowy /
_cTadeusz Dobrzański.
250 _aWyd.12.
260 _aWarszawa,
_bWydawnictwa Naukowo-Techniczne,
_c1978.
300 _a370, [2] s. :
_brys. ;
_c24 cm.
650 4 _aMaszyny
_xrysunek techniczny.
655 4 _aPodręczniki akademickie
710 2 _aWydawnictwa Naukowo-Techniczne
_4pbl.
856 _uhttp://koha.tu.koszalin.pl/cgi-bin/koha/opac-detail.pl?biblionumber=9381
_yKatalog online BPK
942 _cKS
_2UKD
999 _c9381
_d9381